| 000 | 00912nam a22002537a 4500 | ||
|---|---|---|---|
| 005 | 20170123164150.0 | ||
| 010 | _aB-071308 | ||
| 020 | _c100.00 | ||
| 035 | _aB-071308 | ||
| 037 | _aCen Lib / Ret | ||
| 040 |
_aDPL _bPN |
||
| 082 |
_a851 _bਸਵਰ |
||
| 100 |
_aਸਵਰਨ ਸਿੰਘ ਪਰਵਾਨਾ _943626 |
||
| 245 |
_aਦੋਸਤੀ / _bਸਵਾਰਨ ਸਿੰਘ ਪਰਵਾਨਾ |
||
| 246 |
_aDosti / _bSwarn Singh Parwana |
||
| 260 |
_aਲੁਧਿਆਣਾ _bਚੇਤਨਾ ਪ੍ਰਕਾਸ਼ਨ _c2003 |
||
| 270 |
_aਪੰਜਾਬੀ ਭਵਨ _bਲੁਧਿਆਣਾ |
||
| 300 |
_a96p. _c22cm(Hb) |
||
| 650 |
_aਪੰਜਾਬੀ - ਕਵਿਤਾਵਾਂ _9128501 |
||
| 650 |
_aਸਾਹਿਤ -- ਪੰਜਾਬੀ _9128502 |
||
| 650 |
_aPunjabi poetry _9128503 |
||
| 650 |
_aLiterature -- Punjabi _9128504 |
||
| 942 |
_2ddc _cPN _h851 _mਸਵਰ |
||
| 999 |
_c110305 _d110305 |
||